| 000 | 00485nam a22001697a 4500 | ||
|---|---|---|---|
| 003 | MACL | ||
| 005 | 20151212171744.0 | ||
| 008 | 151212b xxu||||| |||| 00| 0 eng d | ||
| 040 | _cMACL | ||
| 041 | _aHindi | ||
| 082 | _a741.642 | ||
| 100 |
_aदेवव्रत दिवेदी _920118 |
||
| 245 | _aगणित मनोरंजन | ||
| 260 |
_bअर्चना पब्लिकेशन _c150 |
||
| 650 |
_aचिल्डन बुक _9314 |
||
| 942 |
_2ddc _cHIN |
||
| 999 |
_c51503 _d51503 |
||